000 00413nam a2200133Ia 4500
008 171212s9999 xx 000 0 und d
020 _a9780874217469
100 _aWhitmarsh, Jason
245 _cWhitmarsh, Jason
_aTomorrow's Living Room
260 _bUniversity Press of Colorado
_c2009
440 _aSwenson Poetry Award
650 _aLanguage & Literature
856 _uwww.jstor.org/stable/10.2307/j.ctt4cgmsf
999 _c353183
_d353183